Primer congreso nacional del cáñamo
Descripción Física:
128 p., 1 f. de làm. ; 25 cm
Materias:
Cànem -- Congressos
MARC
| LEADER | 00000nam a2200000Ia 4500 | ||
|---|---|---|---|
| 001 | 20311 | ||
| 008 | 160829s1927 xx 000 0 cat d | ||
| 080 | |a 4185, exp. 64 | ||
| 100 | |a Congreso Nacional del Cáñamo (1r : 1927 : València) |9 48368 | ||
| 245 | |a Primer congreso nacional del cáñamo | ||
| 260 | |a Valencia [etc.] : |b Cámara Agrícola, |c 1927 | ||
| 300 | |a 128 p., 1 f. de làm. ; |c 25 cm | ||
| 590 | |a Celebrat el 30 d'octubre de 1927. | ||
| 590 | |a Inclou la descripció del laboratori tèxtil i acondicionament de la Universitat Industrial Hispano Americana de la Diputació de Barcelona i una làmina del recinte de la Universitat. | ||
| 650 | |a Cànem |x Congressos |9 48369 | ||
| 700 | |a Cámara Oficial Agrícola (València) |9 48370 | ||
| 700 | |a Escola Industrial de Barcelona | ||
| 710 | 2 | |a Reial Politècnic Hispanoamericà |9 55096 | |
| 901 | |a Arxiu | ||
| 942 | |n 1 | ||
| 952 | |0 0 |1 0 |4 0 |6 4185_EXP_64 |7 1 |9 54497 |a Arxiu |b Arxiu |d 2016-12-01 |l 0 |o 4185, exp. 64 |p 20311 |r 2016-12-01 00:00:00 |w 2016-12-01 |y ARXIU | ||
| 999 | |c 58366 |d 58366 | ||